सृजन की नई भूमिका / (Record no. 120045)

MARC details
000 -LEADER
fixed length control field 01200nam a22002657a 4500
005 - DATE AND TIME OF LATEST TRANSACTION
control field 20170124103152.0
010 ## - LIBRARY OF CONGRESS CONTROL NUMBER
LC control number A-923605
020 ## - INTERNATIONAL STANDARD BOOK NUMBER
Terms of availability 250.00
International Standard Book Number 8185829691
035 ## - SYSTEM CONTROL NUMBER
System control number A-923605
037 ## - SOURCE OF ACQUISITION
Source of stock number/acquisition Cen Lib/Ret
040 ## - CATALOGING SOURCE
Original cataloging agency DPL
Language of cataloging HN
082 ## - DEWEY DECIMAL CLASSIFICATION NUMBER
Classification number 821.08
Item number पालीवा
100 ## - MAIN ENTRY--PERSONAL NAME
Personal name पालीवाल, कृष्णदत्त
9 (RLIN) 44529
245 ## - TITLE STATEMENT
Title सृजन की नई भूमिका /
Statement of responsibility, etc कृष्णदत्त पालीवाल
246 ## - VARYING FORM OF TITLE
Title proper/short title Srijan ki nayi bhumika /
Remainder of title by Krishndutt Paliwal
260 ## - PUBLICATION, DISTRIBUTION, ETC. (IMPRINT)
Place of publication, distribution, etc दिल्ली
Name of publisher, distributor, etc ज्ञान गंगा
Date of publication, distribution, etc 1997
270 ## - ADDRESS
City दिल्ली
Address 205-सी, चावड़ी बाजार
Postal code 110006
300 ## - PHYSICAL DESCRIPTION
Extent 259पृ.
Dimensions 20सेमी(सजिल्द)
500 ## - GENERAL NOTE
General note अनुक्रमाणिका शामिल
650 ## - SUBJECT ADDED ENTRY--TOPICAL TERM
Topical term or geographic name as entry element रघुवीर सहाय -- कविता
9 (RLIN) 46937
650 ## - SUBJECT ADDED ENTRY--TOPICAL TERM
Topical term or geographic name as entry element समसामयिक कविता और सृजनात्मक आलोचना
9 (RLIN) 88219
650 ## - SUBJECT ADDED ENTRY--TOPICAL TERM
Topical term or geographic name as entry element Raghuvir Sahay - poetry
9 (RLIN) 88220
650 ## - SUBJECT ADDED ENTRY--TOPICAL TERM
Topical term or geographic name as entry element Contemporary poetry and creative criticism
9 (RLIN) 88221
942 ## - ADDED ENTRY ELEMENTS (KOHA)
Source of classification or shelving scheme Dewey Decimal Classification
Koha item type Hindi Books
Classification part 821.08
Call number suffix पालीवा
Holdings
Withdrawn status Lost status Damaged status Not for loan Home library Current library Date acquired Source of acquisition Cost, normal purchase price Total Checkouts Full call number Barcode Date last seen Copy number Cost, replacement price Price effective from Koha item type
        Central Library Central Library 19/09/2015 Cen Lib/Ret 250.00   821.08 पालीवा A-923605 19/09/2015 1 250.00 19/09/2015 Hindi Books

© Delhi Public Library
Hit Counter
free hit counter